[Event "4NCL/Div1/GUI1 vs. BET"]
[Site "Birmingham ENG"]
[Date "2006.01.14"]
[Round "5.1"]
[White "Rowson, Jonathan"]
[Black "Ledger, Andrew J"]
[Result "1-0"]
[WhiteElo "2599"]
[BlackElo "2430"]
[PlyCount "67"]
[EventDate "2006.01.14"]
[SourceDate "2005.10.25"]

1. d4 d5 2. c4 dxc4 3. e4 Nc6 4. Be3 Nf6 5. e5 Nd5 6. Bxc4 e6 7. Nf3 Na5 8. Bd3
c5 9. O-O cxd4 10. Bxd4 Nc6 11. Be4 Be7 12. Nc3 Nxd4 13. Qxd4 Nxc3 14. Qxc3 Qb6
15. Rac1 O-O 16. h4 Rb8 17. Qc2 g6 18. h5 Kg7 19. Qd2 Rd8 20. Qf4 Bd7 21. hxg6
hxg6 22. Ng5 Rf8 23. Rc3 Qd8 24. Nh7 Rh8 25. Rf3 Be8 26. Nf6 Bc6 27. Bxc6 bxc6
28. Nd7 Rb4 29. Qxf7+ Kh6 30. Nf6 Rh4 31. g3 Rd4 32. Kg2 Rd1 33. Rxd1 Qxd1 34.
Qxe7 1-0

[Event "4NCL/Div1/GUI1 vs. BET"]
[Site "Birmingham ENG"]
[Date "2006.01.14"]
[Round "5.2"]
[White "Hunt, Adam C"]
[Black "Gallagher, Joseph G"]
[Result "1/2-1/2"]
[WhiteElo "2431"]
[BlackElo "2531"]
[PlyCount "63"]
[EventDate "2006.01.14"]
[SourceDate "2005.10.25"]

1. e4 c5 2. Nf3 d6 3. d4 cxd4 4. Nxd4 Nf6 5. Nc3 a6 6. Bc4 e6 7. Bb3 b5 8. Qf3
Bb7 9. Bg5 b4 10. Na4 Nbd7 11. O-O Qa5 12. Bxf6 Nxf6 13. Rfe1 Be7 14. Qh3 O-O
15. f3 Kh8 16. Rad1 Rac8 17. c3 Rg8 18. cxb4 Qxb4 19. Qg3 Qa5 20. Kh1 Nh5 21.
Qf2 Nf4 22. Ne2 Nxe2 23. Rxe2 Rgd8 24. Red2 Rc6 25. Nc3 Bf6 26. Ne2 Qb4 27. Nd4
Rcc8 28. Nc2 Qa5 29. Ne3 Qb4 30. Nc2 Qa5 31. Ne3 Qb4 32. Nc2 1/2-1/2

[Event "4NCL/Div1/GUI1 vs. BET"]
[Site "Birmingham ENG"]
[Date "2006.01.14"]
[Round "5.3"]
[White "King, Daniel J"]
[Black "Ansell, Simon"]
[Result "1-0"]
[WhiteElo "2526"]
[BlackElo "2383"]
[PlyCount "95"]
[EventDate "2006.01.14"]
[SourceDate "2005.10.25"]

1. e4 e5 2. Nf3 Nc6 3. Bb5 Nf6 4. O-O Bc5 5. Nxe5 Nxe5 6. d4 a6 7. Be2 Nxe4 8.
dxc5 Nxc5 9. b4 Ne6 10. f4 Nc6 11. Bb2 d5 12. f5 Ng5 13. b5 axb5 14. Bxb5 Qd6
15. Nc3 Qc5+ 16. Kh1 Bd7 17. Qxd5 Qxd5 18. Nxd5 O-O-O 19. Bxg7 Rhg8 20. Bf6
Rde8 21. Rae1 Ne4 22. Kg1 Nd6 23. Rxe8+ Rxe8 24. Bd3 Kb8 25. Bb2 Bc8 26. Nf6
Rd8 27. a3 h6 28. g4 b6 29. Re1 Na5 30. Kf2 Nab7 31. Re7 Nc5 32. Be5 Nxd3+ 33.
cxd3 Ba6 34. Ke3 Kb7 35. Rd7 Rxd7 36. Nxd7 Ne8 37. Bf4 Bb5 38. Ne5 h5 39. gxh5
Nf6 40. h6 Be8 41. Bg5 Nh7 42. Be7 Kc8 43. Ng4 Kd7 44. Nf6+ Kxe7 45. Nxh7 f6
46. Ng5 Kf8 47. Ne6+ Kg8 48. Nxc7 1-0

[Event "4NCL/Div1/GUI1 vs. BET"]
[Site "Birmingham ENG"]
[Date "2006.01.14"]
[Round "5.4"]
[White "Duncan, Christopher R"]
[Black "Hebden, Mark L"]
[Result "1/2-1/2"]
[WhiteElo "2332"]
[BlackElo "2514"]
[PlyCount "116"]
[EventDate "2006.01.14"]
[SourceDate "2005.10.25"]

1. e4 e5 2. Nf3 Nc6 3. Bb5 a6 4. Bxc6 dxc6 5. O-O Bd6 6. d4 exd4 7. Qxd4 f6 8.
Be3 Ne7 9. Nbd2 Be6 10. Rad1 Ng6 11. Nc4 Bxc4 12. Qxc4 Qe7 13. Nd2 O-O-O 14. f4
Rhe8 15. Kh1 Nf8 16. Rfe1 Qe6 17. Qe2 h6 18. a3 g5 19. f5 Qe5 20. Bg1 Bc5 21.
Nc4 Qe7 22. Rxd8+ Rxd8 23. Bxc5 Qxc5 24. e5 b5 25. e6 Qxc4 26. e7 Re8 27.
exf8=Q Rxf8 28. Qxc4 bxc4 29. h4 Rd8 30. Re4 Rd5 31. Rxc4 Rxf5 32. hxg5 hxg5
33. Rxc6 a5 34. Rc4 Rf2 35. Kh2 Kd7 36. Kg3 Rd2 37. Rc5 a4 38. Rc4 Kd6 39. Rxa4
Rxc2 40. Rb4 c5 41. Rb8 Ke5 42. Kf3 f5 43. Re8+ Kf6 44. Rf8+ Ke6 45. Re8+ Kf7
46. Rb8 Ke6 47. Re8+ Kd6 48. Rb8 Rc4 49. Rd8+ Ke7 50. Rg8 g4+ 51. Kg3 Rc2 52.
Rb8 Ke6 53. Re8+ Kd5 54. Rd8+ Ke4 55. Re8+ Kd3 56. Rd8+ Ke2 57. Rd5 Rxb2 58.
Re5+ Kd3 1/2-1/2

[Event "4NCL/Div1/GUI1 vs. BET"]
[Site "Birmingham ENG"]
[Date "2006.01.14"]
[Round "5.5"]
[White "Conquest, Stuart C"]
[Black "Ledger, David J"]
[Result "1/2-1/2"]
[WhiteElo "2522"]
[BlackElo "2247"]
[PlyCount "149"]
[EventDate "2006.01.14"]
[SourceDate "2005.10.25"]

1. e4 e5 2. Nf3 Nc6 3. Bb5 Nf6 4. O-O Bc5 5. c3 O-O 6. d4 Bb6 7. Re1 d6 8. h3
Bd7 9. Na3 h6 10. Bf1 exd4 11. cxd4 d5 12. e5 Ne4 13. Nc2 f6 14. Be3 Qe8 15. b4
a6 16. Bd3 Rd8 17. exf6 Rxf6 18. Nh2 Qf8 19. f3 Ng3 20. Ng4 Re6 21. Qd2 Nf5 22.
Bxf5 Qxf5 23. Bf2 Rde8 24. Rxe6 Rxe6 25. Kh1 h5 26. Nh2 Qf6 27. Nf1 Be8 28. Rd1
{(=)} Bg6 29. Nfe3 Ne7 30. Bg3 Qg5 31. Be5 Nf5 {(=)} 32. Nxd5 Qxd2 33. Rxd2
Rxe5 34. Nxb6 Rb5 35. Nd7 h4 36. Kg1 Ng3 37. Kf2 Bxc2 38. Rxc2 Rxb4 39. Rxc7
Rxd4 40. Ne5 Rd2+ 41. Ke3 Re2+ 42. Kd4 Rxg2 43. Rxb7 Rxa2 44. Ng6 Kh7 45. Nf8+
Kg8 46. Ne6 Nh5 47. Ng5 g6 48. Ra7 Ra4+ 49. Ke3 Nf4 50. Rd7 Ng2+ 51. Kd3 a5 52.
Ra7 Kf8 53. Kc3 Ke8 54. Ne6 Ra3+ 55. Kd4 Rxf3 56. Ke5 Ne3 57. Ra8+ Ke7 58. Ra7+
Ke8 59. Ra8+ Kd7 60. Ra7+ Kc8 61. Ke4 Rxh3 62. Nf4 Rg3 63. Ne2 Rg5 64. Kxe3 h3
65. Rh7 Rh5 66. Rxh5 gxh5 67. Kf2 h4 68. Kg1 a4 69. Nc3 a3 70. Kh2 Kb7 71. Kxh3
Kc6 72. Kxh4 Kc5 73. Na2 Kc4 74. Kg4 Kb3 75. Nc1+ 1/2-1/2

[Event "4NCL/Div1/GUI1 vs. BET"]
[Site "Birmingham ENG"]
[Date "2006.01.14"]
[Round "5.6"]
[White "Naylor, John"]
[Black "Flear, Glenn C"]
[Result "0-1"]
[WhiteElo "2235"]
[BlackElo "2470"]
[PlyCount "54"]
[EventDate "2006.01.14"]
[SourceDate "2005.10.25"]

1. e4 e5 2. Nf3 Nc6 3. Bb5 a6 4. Ba4 Nf6 5. O-O Be7 6. Re1 b5 7. Bb3 d6 8. c3
O-O 9. h3 Na5 10. Bc2 c5 11. d4 Nd7 12. Nbd2 exd4 13. cxd4 Nc6 14. Nf1 Bf6 15.
d5 Nd4 16. Nxd4 Bxd4 17. Rb1 Qf6 18. Qe2 Re8 19. Nd2 Bb7 20. Nf3 Bxd5 21. Nxd4
cxd4 22. Qg4 Ne5 23. Qg3 Bxa2 24. Ra1 Bc4 25. f4 Nc6 26. Bd2 d3 27. Bc3 Qg6 0-1

[Event "4NCL/Div1/GUI1 vs. BET"]
[Site "Birmingham ENG"]
[Date "2006.01.14"]
[Round "5.7"]
[White "Cherniaev, Alexander"]
[Black "Ledger, Stephen C"]
[Result "1-0"]
[WhiteElo "2472"]
[BlackElo "2175"]
[PlyCount "121"]
[EventDate "2006.01.14"]
[SourceDate "2005.10.25"]

1. e4 c5 2. Nf3 Nc6 3. Bb5 g6 4. O-O Bg7 5. c3 e5 6. d3 Nge7 7. Be3 b6 8. d4
exd4 9. cxd4 cxd4 10. Nxd4 O-O 11. Nc3 Bb7 12. Re1 Rc8 13. Bf1 d5 14. Nxc6 Bxc6
15. Bd4 dxe4 16. Bxg7 Qxd1 17. Raxd1 Kxg7 18. Nxe4 Nf5 19. Nc3 Rfe8 20. Rxe8
Rxe8 21. g3 Re7 22. Bg2 Bxg2 {(=)} 23. Kxg2 h5 24. Rd8 Rc7 25. Kf3 Rc5 26. Rd7
a6 27. h3 b5 28. g4 hxg4+ 29. hxg4 Nh6 30. Kg3 a5 31. f3 b4 32. Rd5 Rxd5 33.
Nxd5 f5 34. Kf4 fxg4 35. fxg4 Nf7 36. Ne7 Kf6 37. Nc6 Ke6 38. Nxa5 Kd5 39. Nb3
Kc4 40. Ke4 Nh6 41. Nd2+ Kc5 42. Kf4 Nf7 43. Nf3 Kd5 44. b3 Kd6 45. Ke4 Nh6 46.
Ne5 g5 47. Kd4 Ke6 48. Nf3 Nxg4 49. Nxg5+ Kd6 50. Kc4 Kc6 51. Kxb4 Ne3 52. Ne4
Kb6 53. a4 Nd5+ 54. Ka3 Ka5 55. Nd2 Nc7 56. b4+ Ka6 57. Kb3 Kb6 58. Kc4 Ne6 59.
Ne4 Kc6 60. b5+ Kb6 61. Kb4 1-0

[Event "4NCL/Div1/GUI1 vs. BET"]
[Site "Birmingham ENG"]
[Date "2006.01.14"]
[Round "5.8"]
[White "Lyell, Meri"]
[Black "Ciuksyte, Dagne"]
[Result "0-1"]
[WhiteElo "2077"]
[BlackElo "2370"]
[PlyCount "68"]
[EventDate "2006.01.14"]
[SourceDate "2005.10.25"]

1. e4 c5 2. b3 e6 3. Bb2 Nc6 4. Bb5 Nd4 5. Bd3 Ne7 6. c3 Ndc6 7. Ne2 d5 8. O-O
g6 9. f4 Bg7 10. e5 f6 11. exf6 Bxf6 12. Na3 O-O 13. Qb1 e5 14. fxe5 Bxe5 15.
Rxf8+ Qxf8 16. c4 d4 17. Qe1 Qh6 18. Ng3 Bg4 19. Qe4 Bd7 20. Rf1 Re8 21. Qf3
Be6 22. Bc1 Qh4 23. Be4 Nf5 24. Bd5 Kh8 25. Bxe6 Rxe6 26. Qd5 Re7 27. d3 Bxg3
28. hxg3 Qxg3 29. Qxc5 Qxd3 30. Bg5 Rf7 31. Nb5 a6 32. Nc7 h6 33. Qd5 Qxf1+ 34.
Kxf1 Ne3+ 0-1

[Event "4NCL/Div1/HKF1 vs. BAR2"]
[Site "Birmingham ENG"]
[Date "2006.01.14"]
[Round "5.1"]
[White "Wells, Peter K"]
[Black "Cox, John J"]
[Result "1/2-1/2"]
[WhiteElo "2501"]
[BlackElo "2423"]
[PlyCount "33"]
[EventDate "2006.01.14"]
[SourceDate "2005.10.25"]

1. Nf3 d5 2. c4 dxc4 3. e3 Nf6 4. Bxc4 e6 5. O-O c5 6. b3 a6 7. Bb2 Be7 8. d4
cxd4 9. Nxd4 Bd7 10. Nd2 Nc6 11. N2f3 O-O 12. Nxc6 Bxc6 13. Ne5 Qxd1 14. Rfxd1
Bb5 15. a4 Bxc4 16. Nxc4 b5 17. Ne5 1/2-1/2

[Event "4NCL/Div1/HKF1 vs. BAR2"]
[Site "Birmingham ENG"]
[Date "2006.01.14"]
[Round "5.2"]
[White "Rogers, Jonathan W"]
[Black "Arkell, Keith C"]
[Result "1/2-1/2"]
[WhiteElo "2340"]
[BlackElo "2475"]
[PlyCount "53"]
[EventDate "2006.01.14"]
[SourceDate "2005.10.25"]

1. d4 Nf6 2. Nf3 e6 3. c4 Bb4+ 4. Bd2 Qe7 5. Nc3 Bxc3 6. Bxc3 Ne4 7. Qc2 Nxc3
8. Qxc3 b6 9. g3 Bb7 10. Bg2 O-O 11. O-O d6 12. Qc2 f5 13. c5 bxc5 14. dxc5 Be4
15. Qa4 Nd7 16. cxd6 cxd6 17. Rac1 Nb6 18. Qa3 Qd7 19. Rfd1 Rfd8 20. Ne5 Qb7
21. Bxe4 Qxe4 22. Nc6 Rd7 23. Rxd6 Rxd6 24. Qxd6 Qxe2 {(=)} 25. b3 Re8 26. Nxa7
Nd5 27. a4 1/2-1/2

[Event "4NCL/Div1/HKF1 vs. BAR2"]
[Site "Birmingham ENG"]
[Date "2006.01.14"]
[Round "5.3"]
[White "Greet, Andrew N"]
[Black "Berry, Neil"]
[Result "1/2-1/2"]
[WhiteElo "2423"]
[BlackElo "2289"]
[PlyCount "129"]
[EventDate "2006.01.14"]
[SourceDate "2005.10.25"]

1. d4 d5 2. Nf3 Nf6 3. c4 c6 4. Nc3 dxc4 5. a4 Bf5 6. Nh4 e6 7. Nxf5 exf5 8. e3
Bb4 9. Bxc4 O-O 10. O-O Nbd7 11. Qc2 Nb6 12. Bb3 Qd7 13. a5 Nbd5 14. a6 b6 15.
Bd2 Rac8 16. Qd3 Bd6 17. Nxd5 cxd5 18. Ba4 Qe6 19. g3 h5 20. Qb5 h4 21. Bb3 g6
22. Bb4 hxg3 23. hxg3 Bxb4 24. Qxb4 f4 25. exf4 Qh3 26. Bd1 Ne4 27. Bf3 Nxg3
28. Rfe1 Nh5 29. Bxh5 Qxh5 30. Qb3 Rc4 31. Re5 Qg4+ 32. Qg3 Qxg3+ 33. fxg3 Rxd4
34. Re7 Ra8 35. Rc1 Ra4 36. Rcc7 Rxa6 37. Rxf7 b5 38. Rg7+ Kh8 39. Rgd7 Rb6 40.
Rxa7 Rxa7 41. Rxa7 Rc6 42. Kg2 Rc2+ 43. Kh3 Rxb2 44. Rd7 b4 45. Rxd5 b3 46. Kg4
Rg2 47. Rb5 b2 48. Rb7 Kg8 49. Kh4 Kf8 50. g4 Ke8 51. Kg5 Rf2 52. f5 gxf5 53.
gxf5 Rg2+ 54. Kf6 Rf2 55. Rb8+ Kd7 56. Rb3 Ke8 57. Rb7 Kd8 58. Ke6 Kc8 59. Rb3
Kc7 60. f6 Kc6 61. f7 Re2+ 62. Kf6 Rf2+ 63. Ke7 Re2+ 64. Kf8 Kc5 65. Rb8
1/2-1/2

[Event "4NCL/Div1/HKF1 vs. BAR2"]
[Site "Birmingham ENG"]
[Date "2006.01.14"]
[Round "5.4"]
[White "Taylor, Martin R"]
[Black "Trent, Lawrence"]
[Result "1/2-1/2"]
[WhiteElo "2299"]
[BlackElo "2423"]
[PlyCount "103"]
[EventDate "2006.01.14"]
[SourceDate "2005.10.25"]

1. d4 Nf6 2. Bg5 Ne4 3. Bf4 e6 4. e3 c5 5. Bd3 Nf6 6. Nd2 Nc6 7. c3 b6 8. h3
Bb7 9. Ngf3 Be7 10. O-O O-O 11. Re1 d6 12. e4 cxd4 13. cxd4 e5 14. Bh2 exd4 15.
Nb3 d5 16. e5 Ne4 17. Nbxd4 Nxd4 18. Nxd4 Bc5 19. Bxe4 dxe4 20. Nf5 Qg5 21. Qg4
Qxg4 22. hxg4 Rad8 23. Bf4 Bd5 24. g3 a5 25. Rad1 Be6 26. Rxd8 Rxd8 27. Nd6 Bd4
28. b4 Bb2 29. bxa5 bxa5 30. Rxe4 Ba3 31. Bd2 Ra8 32. Ra4 Bb2 33. Rxa5 Rxa5 34.
Bxa5 Bxe5 35. Nf5 h5 36. Ne7+ Kf8 37. Bb4 Ke8 38. gxh5 Kd7 39. h6 gxh6 40. Ng8
h5 41. f3 Bg7 42. Bd2 {(=)} f5 43. Nh6 Be5 44. Nxf5 Bxf5 45. g4 hxg4 46. fxg4
Bxg4 47. Be3 Ke6 48. Kg2 Kf5 49. Bb6 Ke4 50. Ba7 Bf4 51. Bb6 Bf3+ 52. Kg1
1/2-1/2

[Event "4NCL/Div1/HKF1 vs. BAR2"]
[Site "Birmingham ENG"]
[Date "2006.01.14"]
[Round "5.5"]
[White "Williams, Simon K"]
[Black "Devereaux, Maxim"]
[Result "1-0"]
[WhiteElo "2452"]
[BlackElo "2367"]
[PlyCount "147"]
[EventDate "2006.01.14"]
[SourceDate "2005.10.25"]

1. d4 Nf6 2. c4 e6 3. Nf3 b6 4. Nc3 Bb4 5. Bg5 Bb7 6. Nd2 h6 7. Bh4 c5 8. d5
Bxc3 9. bxc3 d6 10. Qa4+ Qd7 11. Qc2 Qe7 12. e4 e5 13. f3 Nbd7 14. Bd3 Kd8 15.
Nf1 g5 16. Bf2 Kc7 17. Ne3 Nh5 18. Rb1 Ng7 19. g3 Rhb8 20. Qb2 Nf6 21. h4 Bc8
22. g4 Bd7 23. Kd2 Rh8 24. Be2 Nh7 25. Rbg1 f6 26. hxg5 Nxg5 27. Rh4 Rh7 28.
Rgh1 Rah8 29. Qb1 h5 30. Nf5 Nxf5 31. gxf5 Kb7 32. Be3 Be8 33. Qb3 Qd7 34. Kd3
Re7 35. a4 a5 36. Rb1 Qc7 37. Rb2 Ka7 38. Rh1 Bf7 39. Bf2 Qd8 40. Bh4 Rb7 41.
Qc2 Be8 42. Bd1 Rg8 43. Qd2 Rbg7 44. Qe3 Re7 45. Kd2 Qc8 46. Kc1 Qa6 47. Qd3
Reg7 48. Kb1 Nh7 49. Bf2 Nf8 50. Ka2 Nd7 51. Be2 Qc8 52. Ka3 Nf8 53. Bh4 Qd7
54. Qc2 Qd8 55. Qb3 Nh7 56. Bf2 Rb7 57. Rh2 Rg5 58. Bd1 Rbg7 59. Be3 Rg3 60.
Bh6 Rg8 61. f4 exf4 62. Bxf4 R3g7 63. Bxh5 Bxh5 64. Rxh5 Ng5 65. Bxg5 fxg5 66.
Rh6 Rb7 67. Qb5 Qf8 68. Re6 g4 69. f6 Qb8 70. Re7 Rxe7 71. fxe7 g3 72. e5 dxe5
73. Qd7+ Ka6 74. d6 1-0

[Event "4NCL/Div1/HKF1 vs. BAR2"]
[Site "Birmingham ENG"]
[Date "2006.01.14"]
[Round "5.6"]
[White "Taylor, Peter"]
[Black "Berzinsh, Roland"]
[Result "0-1"]
[WhiteElo "2240"]
[BlackElo "2447"]
[PlyCount "120"]
[EventDate "2006.01.14"]
[SourceDate "2005.10.25"]

1. Nf3 e6 2. c4 Nf6 3. Nc3 d5 4. d4 c5 5. cxd5 exd5 6. g3 Nc6 7. Bg2 Be7 8. O-O
O-O 9. Bg5 cxd4 10. Nxd4 h6 11. Be3 Bg4 12. Qa4 Na5 13. h3 Bd7 14. Qc2 Rc8 15.
Nf5 Bb4 16. Rad1 Be6 17. Nd4 Nc4 18. Bc1 Qa5 19. Nxe6 fxe6 20. e4 Nxb2 21. Bxb2
Bxc3 22. exd5 Qxa2 23. Rb1 exd5 24. Qd3 Bxb2 25. Qd2 b6 26. Rxb2 Qc4 27. Rd1
Rfd8 28. Rb4 Qc3 29. Qxc3 Rxc3 30. Rbd4 Rc5 31. f4 a5 32. g4 g5 33. fxg5 hxg5
34. h4 Kg7 35. hxg5 Nh7 36. Rxd5 Rcxd5 37. Rxd5 Rxd5 38. Bxd5 Nxg5 39. Bc6 Nf7
40. Kf2 Ne5 41. Be8 Nxg4+ 42. Kf3 Nf6 43. Bc6 Kf7 44. Ke3 Ke6 45. Kd4 Kd6 46.
Ba4 Nd5 47. Bd1 b5 48. Bf3 Nc7 49. Bg4 Ne6+ 50. Kc3 Nd8 51. Bh3 Kc5 52. Bd7 Nb7
53. Be8 Nd6 54. Bg6 Nc4 55. Bh7 b4+ 56. Kb3 Nb6 57. Bg6 a4+ 58. Kc2 b3+ 59. Kc3
Nd5+ 60. Kb2 Kb4 0-1

[Event "4NCL/Div1/HKF1 vs. BAR2"]
[Site "Birmingham ENG"]
[Date "2006.01.14"]
[Round "5.7"]
[White "Houska, Jovanka"]
[Black "Hodgson, John H"]
[Result "0-1"]
[WhiteElo "2355"]
[BlackElo "2217"]
[PlyCount "62"]
[EventDate "2006.01.14"]
[SourceDate "2005.10.25"]

1. e4 c5 2. Nf3 d6 3. d4 cxd4 4. Nxd4 Nf6 5. Bd3 Nc6 6. Nxc6 bxc6 7. O-O g6 8.
b3 Bg7 9. Bb2 O-O 10. c4 d5 11. Qe2 dxe4 12. Bxe4 Nxe4 13. Bxg7 Kxg7 14. Qxe4
Bf5 15. Qe5+ f6 16. Qe3 Qc7 17. Nc3 Rad8 18. Rad1 e5 19. Qc5 Qb7 20. Na4 Qc7
21. h3 Rfe8 22. Rfe1 g5 23. Nc3 Qb6 24. Qa3 Qc7 25. c5 Rd3 26. Rxd3 Bxd3 27.
Rd1 e4 28. Qa4 Re7 29. f3 exf3 30. Qg4 Be2 31. Rd2 f2+ 0-1

[Event "4NCL/Div1/WGR2 vs. AD"]
[Site "Birmingham ENG"]
[Date "2006.01.14"]
[Round "5.1"]
[White "Lalic, Bogdan"]
[Black "Mestel, A Jonathan"]
[Result "1/2-1/2"]
[WhiteElo "2488"]
[BlackElo "2491"]
[PlyCount "25"]
[EventDate "2006.01.14"]
[SourceDate "2005.10.25"]

1. d4 d6 2. Nf3 Bg4 3. c4 c6 4. Nc3 Nd7 5. e4 e5 6. Be2 Ngf6 7. O-O Be7 8. Be3
O-O 9. d5 Bh5 10. Nd2 Bg6 11. b4 c5 12. a3 b6 13. Qb3 1/2-1/2

[Event "4NCL/Div1/WGR2 vs. AD"]
[Site "Birmingham ENG"]
[Date "2006.01.14"]
[Round "5.2"]
[White "Hennigan, Michael T"]
[Black "Levitt, Jonathan P"]
[Result "1-0"]
[WhiteElo "2400"]
[BlackElo "2448"]
[PlyCount "85"]
[EventDate "2006.01.14"]
[SourceDate "2005.10.25"]

1. g3 d5 2. Bg2 c6 3. d3 e5 4. Nf3 Bd6 5. O-O Nf6 6. Nc3 O-O 7. e4 Re8 8. Nd2
Bb4 9. a3 Bf8 10. h3 Na6 11. b4 Nc7 12. Nb3 Rb8 13. Bb2 b6 14. f4 exf4 15. gxf4
dxe4 16. dxe4 Ba6 17. Rf2 Qxd1+ 18. Rxd1 Rbd8 19. Rfd2 Rxd2 20. Rxd2 Nh5 21. f5
Bc8 22. Ne2 g6 23. fxg6 hxg6 24. e5 Nd5 25. c4 Ne7 26. Rd6 Be6 27. Bxc6 Nxc6
28. Rxc6 Bxh3 29. Rc7 Bg4 30. Kf2 Re7 31. Rxe7 Bxe7 32. Nbd4 Bh4+ 33. Ke3 Bd7
34. c5 Bg5+ 35. Ke4 Kf8 36. c6 Bc8 37. Nb5 Bf5+ 38. Kd5 Be6+ 39. Kd6 a6 40.
Nbd4 Be7+ 41. Kc7 a5 42. Nxe6+ fxe6 43. Kxb6 1-0

[Event "4NCL/Div1/WGR2 vs. AD"]
[Site "Birmingham ENG"]
[Date "2006.01.14"]
[Round "5.3"]
[White "Turner, Matthew J"]
[Black "Richardson, John R"]
[Result "1-0"]
[WhiteElo "2495"]
[BlackElo "2356"]
[PlyCount "49"]
[EventDate "2006.01.14"]
[SourceDate "2005.10.25"]

1. c4 e5 2. Nc3 Nf6 3. Nf3 Nc6 4. e3 Bb4 5. Qc2 O-O 6. Nd5 Bc5 7. Ng5 g6 8.
Nxf6+ Qxf6 9. Ne4 Qe7 10. a3 a5 11. b3 d6 12. Bb2 Bf5 13. Bd3 Ba7 14. h4 Nd8
15. f4 Bxe4 16. Bxe4 Ne6 17. h5 Nc5 18. hxg6 hxg6 19. d4 Nxe4 20. Qxe4 Rfe8 21.
dxe5 dxe5 22. Rd1 Kg7 23. Rd5 Qf8 24. Rd7 Re7 25. Qxe5+ 1-0

[Event "4NCL/Div1/WGR2 vs. AD"]
[Site "Birmingham ENG"]
[Date "2006.01.14"]
[Round "5.4"]
[White "Snape, Ian"]
[Black "Martin, Andrew D"]
[Result "1/2-1/2"]
[WhiteElo "2271"]
[BlackElo "2433"]
[PlyCount "26"]
[EventDate "2006.01.14"]
[SourceDate "2005.10.25"]

1. c4 e6 2. g3 d5 3. Nf3 c5 4. cxd5 exd5 5. d4 Nc6 6. Bg2 Nf6 7. O-O Be7 8. Nc3
O-O 9. Bg5 cxd4 10. Nxd4 h6 11. Be3 Re8 12. Rc1 Bf8 13. Nxc6 bxc6 1/2-1/2

[Event "4NCL/Div1/WGR2 vs. AD"]
[Site "Birmingham ENG"]
[Date "2006.01.14"]
[Round "5.5"]
[White "Pert, Richard G"]
[Black "Graham, David B"]
[Result "1-0"]
[WhiteElo "2429"]
[BlackElo "2224"]
[PlyCount "56"]
[EventDate "2006.01.14"]
[SourceDate "2005.10.25"]

1. d4 Nf6 2. Bg5 b6 3. c4 Bb7 4. Nc3 g6 5. f3 Bg7 6. e4 d6 7. Bd3 Nbd7 8. Nge2
c5 9. d5 h6 10. Be3 Ne5 11. Nc1 a6 12. Be2 g5 13. h4 gxh4 14. f4 Ng6 15. Nd3 b5
16. e5 Nd7 17. e6 fxe6 18. dxe6 Bxc3+ 19. bxc3 Ndf8 20. f5 Qa5 21. O-O O-O-O
22. fxg6 Nxg6 23. cxb5 axb5 24. Bf3 Qxc3 25. Bxb7+ Kxb7 26. Rc1 Qa3 27. Qf3+
Kb8 28. Nxc5 dxc5 1-0

[Event "4NCL/Div1/WGR2 vs. AD"]
[Site "Birmingham ENG"]
[Date "2006.01.14"]
[Round "5.6"]
[White "Broom, Mark"]
[Black "Rechel, Bernd"]
[Result "1/2-1/2"]
[WhiteElo "2189"]
[BlackElo "2416"]
[PlyCount "85"]
[EventDate "2006.01.14"]
[SourceDate "2005.10.25"]

1. c4 e5 2. g3 Nc6 3. Bg2 g6 4. Nc3 Bg7 5. e4 d6 6. Nge2 f5 7. d3 Nf6 8. O-O
O-O 9. Nd5 Be6 10. Bg5 Qd7 11. Qd2 Ne8 12. Rae1 Nd8 13. exf5 gxf5 14. f4 c6 15.
Ndc3 Nf7 16. Bh4 Nh8 17. fxe5 dxe5 18. Bg5 Nf6 19. b3 Nf7 20. Ne4 Nxg5 21. Nxg5
Bh6 22. h4 Rad8 23. Nf4 Bxg5 24. hxg5 Ng4 25. Nxe6 Qxe6 26. Bf3 Rd4 27. Qc3 Qd6
28. c5 Qd8 29. Bxg4 Rxg4 30. Qxe5 Qxg5 31. Qe6+ Rf7 32. Qe8+ Kg7 33. Qe5+ Kh6
34. Kg2 Qf6 35. Qxf6+ Rxf6 36. Rh1+ Kg6 37. Re7 f4 38. Rexh7 Rxg3+ 39. Kf2 Rxd3
40. R1h6+ Kf5 41. Rxf6+ Kxf6 42. Rxb7 Rd2+ 43. Kf3 1/2-1/2

[Event "4NCL/Div1/WGR2 vs. AD"]
[Site "Birmingham ENG"]
[Date "2006.01.14"]
[Round "5.7"]
[White "Dembo, Yelena"]
[Black "Wheeler, Darren P"]
[Result "1-0"]
[WhiteElo "2461"]
[BlackElo "2239"]
[PlyCount "77"]
[EventDate "2006.01.14"]
[SourceDate "2005.10.25"]

1. e4 e6 2. d4 d5 3. Nd2 Nf6 4. e5 Nfd7 5. Bd3 c5 6. c3 Nc6 7. Ngf3 cxd4 8.
cxd4 Qb6 9. O-O Nxd4 10. Nxd4 Qxd4 11. Nf3 Qb6 12. Qc2 h6 13. Bf4 Bc5 14. a3 a5
15. Qd2 a4 16. Rac1 Qa5 17. Qe2 b6 18. Qd1 b5 19. Bd2 Qb6 20. Qe2 Ba6 21. Nh4
Bd4 22. Bb4 Nxe5 23. Kh1 Nc6 24. Ng6 Nxb4 25. Nxh8 Nxd3 26. Qxd3 Ke7 27. Qg3
Rxh8 28. Rc7+ Kf8 29. Rfc1 g6 30. R7c6 Qa5 31. Qf4 Bxb2 32. Rc7 Rh7 33. Qd6+
Kg8 34. Qd8+ Kg7 35. Qe7 h5 36. Qxf7+ Kh6 37. Qxh7+ Kg5 38. Qe7+ Kh6 39. h4 1-0

[Event "4NCL/Div1/WGR2 vs. AD"]
[Site "Birmingham ENG"]
[Date "2006.01.14"]
[Round "5.8"]
[White "Bellin, Jana"]
[Black "Law, Andrew P"]
[Result "0-1"]
[WhiteElo "2170"]
[BlackElo "2303"]
[PlyCount "100"]
[EventDate "2006.01.14"]
[SourceDate "2005.10.25"]

1. d4 Nf6 2. Nf3 d5 3. c4 e6 4. cxd5 exd5 5. Nc3 c6 6. Bg5 Be7 7. Qc2 g6 8. e3
Bf5 9. Bd3 Bxd3 10. Qxd3 Nbd7 11. O-O O-O 12. Ne5 Nxe5 13. dxe5 Nd7 14. Bxe7
Qxe7 15. f4 f6 16. exf6 Rxf6 17. Qd4 Re8 18. Rae1 Qc5 19. Qxc5 Nxc5 20. e4 Nxe4
21. Nxe4 dxe4 22. Re3 Rd6 23. g4 Kf7 24. Rfe1 Rd4 25. Kf2 Rb4 26. R1e2 Rd4 27.
h4 Kf6 28. Ra3 a6 29. Rae3 Re7 30. Re1 h5 31. Kg3 hxg4 32. Kxg4 Re6 33. R1e2 c5
34. Rb3 b5 35. Rbe3 Rd1 36. Rg3 Rd3 37. Rge3 Rxe3 38. Rxe3 c4 39. Re2 b4 40.
Re3 Re7 41. a3 a5 42. axb4 axb4 43. Re2 Re6 44. Re3 Rc6 45. Rxe4 c3 46. bxc3
bxc3 47. Re1 c2 48. Rc1 Rc3 49. f5 Rc4+ 50. Kf3 Kxf5 0-1

[Event "4NCL/Div1/NWE1 vs. GUI1"]
[Site "Birmingham ENG"]
[Date "2006.01.15"]
[Round "6.1"]
[White "Morrison, Graham"]
[Black "Rowson, Jonathan"]
[Result "0-1"]
[WhiteElo "2326"]
[BlackElo "2599"]
[PlyCount "74"]
[EventDate "2006.01.15"]
[SourceDate "2005.10.25"]

1. Nf3 b6 2. g3 Bb7 3. Bg2 f5 4. O-O Nf6 5. c4 g6 6. Nc3 Bg7 7. d4 Ne4 8. Bd2
e6 9. Rc1 O-O 10. Nxe4 Bxe4 11. Bc3 d6 12. d5 e5 13. b4 Nd7 14. Nd2 Bxg2 15.
Kxg2 a6 16. e4 Bh6 17. Qe2 fxe4 18. Rce1 b5 19. Nxe4 Nb6 20. cxb5 axb5 21. Qxb5
Rxa2 22. Ra1 Qa8 23. Rad1 Qa4 24. Qxa4 Nxa4 25. Ba1 Be3 26. Rd3 Ba7 27. Rf3 Nb6
28. Rxf8+ Kxf8 29. Rd1 Nxd5 30. Rxd5 Rxa1 31. Rb5 Ke7 32. Rb7 Kd7 33. b5 d5 34.
Nf6+ Kc8 35. Rxa7 Rxa7 36. Nxd5 Ra5 37. Nf6 h5 0-1

[Event "4NCL/Div1/NWE1 vs. GUI1"]
[Site "Birmingham ENG"]
[Date "2006.01.15"]
[Round "6.2"]
[White "King, Daniel J"]
[Black "Quillan, Gary"]
[Result "1/2-1/2"]
[WhiteElo "2526"]
[BlackElo "2356"]
[PlyCount "58"]
[EventDate "2006.01.15"]
[SourceDate "2005.10.25"]

1. e4 e6 2. d4 d5 3. e5 c5 4. c3 Nc6 5. Nf3 Bd7 6. Be2 Qb6 7. O-O Nge7 8. dxc5
Qc7 9. Nbd2 Nxe5 10. b4 N7g6 11. Nd4 Nf4 12. Bb5 Ned3 13. N2f3 Nxc1 14. Rxc1
Be7 15. Bxd7+ Qxd7 16. Ne5 Qc7 17. Qa4+ Kf8 18. Nd7+ Kg8 19. g3 Rd8 20. gxf4
Rxd7 21. Qxa7 Qxf4 22. c6 Bd6 23. Rfe1 Rd8 24. cxb7 Qxh2+ 25. Kf1 Qh1+ 26. Ke2
Qe4+ 27. Kf1 Qh1+ 28. Ke2 Qe4+ 29. Kf1 Qh1+ 1/2-1/2

[Event "4NCL/Div1/NWE1 vs. GUI1"]
[Site "Birmingham ENG"]
[Date "2006.01.15"]
[Round "6.3"]
[White "Kennaugh, Charles W"]
[Black "Hebden, Mark L"]
[Result "0-1"]
[WhiteElo "2274"]
[BlackElo "2514"]
[PlyCount "78"]
[EventDate "2006.01.15"]
[SourceDate "2005.10.25"]

1. e4 e5 2. f4 exf4 3. Bc4 Nf6 4. Nc3 c6 5. Bb3 d5 6. exd5 cxd5 7. Nf3 Nc6 8.
O-O Bb4 9. Qe1+ Be6 10. Qh4 d4 11. Bxe6 fxe6 12. Ne2 e5 13. d3 O-O 14. g3 Nd5
15. Qxd8 Raxd8 16. gxf4 exf4 17. Ng5 Ne3 18. Bxe3 fxe3 19. Rxf8+ Bxf8 20. Rf1
Be7 21. Ne4 Rd5 22. Rd1 Rb5 23. b3 Rf5 24. Rf1 Rd5 25. a4 Nb4 26. Kg2 b6 27.
Rc1 Rd8 28. Kg3 Kf7 29. Kf3 Ke6 30. Rg1 Bf6 31. Nf4+ Kf5 32. Rg2 g5 33. Nh5 Be7
34. Ng7+ Ke5 35. Nxg5 Rf8+ 36. Ke2 Nxc2 37. Nf3+ Rxf3 38. Kxf3 Ne1+ 39. Kg3
Bh4+ 0-1